000 006150000a22001810004500
003 MACL
005 20160604141431.0
008 160604b xxu||||| |||| 00| 0 eng d
040 _aMACL
_cMACL
041 _aHindi
082 _a920
100 _aडॉ राष्‍ट्रबन्‍धु
_962410
245 _aभारत की महान बेटियॉ
_cडॉ राष्‍ट्रबन्‍धु
260 _aभोपाल
_bराष्‍ट्रीय प्रकाशन मंदिर
_c2012
350 _a225
650 _aBiography
_962411
942 _cHIN
_k920/RAS
_2ddc
999 _c48306
_d48306